000 00936nam a2200265 a 4500
008
020 _a0750625287 (pbk.)
049 _aMAIN
090 _aTA636 RUD
100 1 _aRudlin, David.
245 1 0 _aBuilding the 21st century home :
_bthe sustainable urban neighbourhood /
_cDavid Rudlin & Nicholas Falk ; URBED (the Urban and Economic Development Group).
260 _aOxford :
_bArchitectural Press,
_cc1999.
300 _axvi, 271 p. :
_bill. ;
_c25 cm.
504 _aIncludes bibliographical references.
650 0 _aCity planning
_zGreat Britain.
650 0 _aHousing development
_xEnvironmental aspects.
650 4 _aUrban renewal
_zGreat Britain.
700 1 _aFalk, Nicholas.
710 2 _aURBED (Urban and Economic Development) Ltd.
907 _a.b10011146
_b06-10-10
_c17-04-03
003
005 20230123134239.0
040 _cNUST
942 _cBOOKS
_kTA636 RUD
999 _c162595
_d162595